|
|
|
|
| LEADER |
00922nam a2200253 a 4500 |
| 001 |
14455340 |
| 008 |
110702s2007 nyu b 001 0 eng |
| 010 |
|
|
|a 2006050354
|
| 020 |
|
|
|a 9780195308198 (alk. paper)
|
| 020 |
|
|
|a 0195308190 (alk. paper)
|
| 040 |
|
|
|a DLC
|c DLC
|d DLC
|d BD-DhAAL
|
| 050 |
0 |
0 |
|a BJ37
|b .K87 2007
|
| 082 |
0 |
0 |
|a 170
|2 22
|
| 100 |
1 |
|
|a Kupperman, Joel.
|
| 245 |
1 |
0 |
|a Ethics and qualities of life /
|c Joel J. Kupperman.
|
| 260 |
|
|
|a New York :
|b Oxford University Press,
|c c2007.
|
| 300 |
|
|
|a vii, 198 p. ;
|c 25 cm.
|
| 504 |
|
|
|a Includes bibliographical references (p. 191-194) and index.
|
| 541 |
|
|
|e 00023158
|
| 650 |
|
0 |
|a Ethics.
|
| 650 |
|
0 |
|a Life.
|
| 852 |
1 |
|
|a Ayesha Abed Library
|c General Shelf.
|
| 999 |
|
|
|c 11028
|d 11028
|
| 952 |
|
|
|0 0
|1 0
|2 ddc
|4 0
|6 170_KUP
|7 0
|9 17341
|a BRACUL
|b BRACUL
|c GEN
|d 2011-06-30
|e Development Book Agency
|g 4345.00
|l 4
|m 16
|o 170 KUP
|p 3010023158
|r 2025-03-10
|s 2025-03-06
|t 1
|w 2011-07-03
|y BK
|